Sociedades y Asociaciones Civiles 2011 (Registro nro. 162520)

Detalles MARC
000 -LEADER
fixed length control field 00900nam a22002537a 4500
007 - PHYSICAL DESCRIPTION FIXED FIELD--GENERAL INFORMATION
fixed length control field cr|||| ||||
008 - FIXED-LENGTH DATA ELEMENTS--GENERAL INFORMATION
fixed length control field 130405e2011 mx |||||s|||| 00||0 spa d
020 ## - INTERNATIONAL STANDARD BOOK NUMBER
International Standard Book Number 978-607-406-290-8
035 ## -
-- 11019
040 ## - CATALOGING SOURCE
Original cataloging agency vLex
090 ## -
-- 4149
-- 4149
100 10 - MAIN ENTRY--PERSONAL NAME
Personal name Domínguez Orozco, Jaime
245 10 - TITLE STATEMENT
Title Sociedades y Asociaciones Civiles 2011
Statement of responsibility, etc / Jaime Domínguez Orozco, Cuauhtémoc Reséndiz Núnez
Medium [Recurso electrónico]
256 ## -
-- Servicio en línea
260 ## - PUBLICATION, DISTRIBUTION, ETC. (IMPRINT)
Place of publication, distribution, etc México D.F. :
Name of publisher, distributor, etc Ediciones Fiscales ISEF,
Date of publication, distribution, etc 2011
300 ## - PHYSICAL DESCRIPTION
Extent 1 Recurso electrónico
506 ## - RESTRICTIONS ON ACCESS NOTE
Terms governing access Contenido solo disponible en los productos indicados
650 04 - SUBJECT ADDED ENTRY--TOPICAL TERM
Topical term or geographic name as entry element Asociaciones, instituciones, etc.
Geographic subdivision México
700 10 - ADDED ENTRY--PERSONAL NAME
Personal name Reséndiz Núnez, Cuauhtémoc
740 ## -
-- vLex Libros (Servicio en línea)
856 ## - LOCALIZACIÓN Y ACCESO ELECTRÓNICO
Host name Acceso restringido
Identificador Uniforme del Recurso (URI/URL) http://www.vlex.com/source/11019
942 ## -
-- RAA
999 ## -
-- 162520
-- 162520

No hay ítems disponibles.


CONTACTO


NOSOTROS


SITIOS DE INTERES

coordinacion.biblioteca.biblioteca@unienlinea.mx Misión, Visión y Objetivos Bases de datos
Directorio Bibliotecas Digitales y Repositorios
Normatividad Revistas y artículos
Convenios interbibliotecarios
Boletines



Hecho en México. Universidad Insurgentes (UIN). Todos los derechos reservados 2024. Esta página y sus contenidos pueden ser reproducidos con fines no lucrativos, siempre y cuando no se mutile, se cite la fuente completa y su dirección electrónicas. De otra forma requiere permiso previo por escrito de la institución




2024 Copyright Universidad Insurgentes | www.bibliouin.com.mx